000 00517nam a22001817a 4500
003 UA-OsUOA
001 16022
007 ta
008 20031217b un ||||| |||| 00| 0 ukr d
100 _aПащук І.
942 _cSA
040 _aUA-OsUOA
_cUA-OsUOA
_dUA-OsUOA
245 _aРівне- 720: хроніка подій і розвитку[ в 1912- 1914 рр.]
300 _aС.4
955 _a0
773 0 _w0
_tВісті Рівненщини
_dРівне
_d2003
_g№85/15 жовт./
650 7 _a1912-1914
_2UDC
999 _c302187
_d302187